00771nam a2200205 i 450000100060000000300090000600500170001500700030003200800410003502000180007608000330009410000340012724501430016126000550030430000350035960000340039465500400042871000570046885200400052588886ES-MaACL20250302165026.0t|041228s1997 sp ||||1| spa d a84-88406-23-1 a75 Urculo, Eduardo (083.824) aÚrculo, Eduardo,d1938-200310aEduardo Úrculo :bexposición retrospectiva, 1957-1997 : Centro Cultural de la Villa, Madrid, 24 de septiembre - 23 de noviembre, 1997. a[Madrid] : bCentro Cultural de la Villa, c[1997] a128 p. : bil. col. ; c30 cm. 0aÚrculo, Eduardo,d1938-2003 72tgfbneaCatálogos de exposiciones2 aFernán Gomez. Centro Cultural de la Villa (Madrid) aES-MaACLjE-10733 bR.134950cDEPO2